000 00880nam a2200229 a 4500
001 000034680
003 OSt
005 20201023084525.0
008 111018s1942 dr r 000 0 spa d
040 _aDO-SdBNP
_bspa
_cBNPHU
082 _a616.9362
_bF363c
100 1 _aFernández Naranjo, Fidel
_960113
245 1 0 _aContribución al estudio de la endemicidad palúdica índice esplenico.
260 _aCiudad Trujillo, República Dominicana :
_bMontalvo,
_c1942.
300 _a60 p. ;
_c24 cm.
500 _aTesis para optar por el grado de Doctor en Medicina de la Universidad de Santo Domingo, República Dominicana, Facultad de Medicina
502 _aTesis (Ph.D.)-Universidad de Santo Domingo, 1942
590 _aInventariado, 2018/MFF
650 4 _aMalaria
_vTESIS Y DISERTACIONES ACADEMICAS
_960114
910 _aValidado. Control de calidad MFF
942 _2ddc
_cLBS1
999 _c34171
_d34171